| 000 | 01549cam a22004454a 4500 | ||
|---|---|---|---|
| 001 | muse76775 | ||
| 003 | MdBmJHUP | ||
| 005 | 20210127151740.0 | ||
| 006 | m o d | ||
| 007 | cr||||||||nn|n | ||
| 008 | 161111s2016 ne o 00 0 eng d | ||
| 010 | _z 2016483246 | ||
| 020 | _a9789048525485 | ||
| 020 | _a9048525489 | ||
| 020 | _z9789089647641 | ||
| 020 | _z9089647643 | ||
| 035 | _a(OCoLC)1163640372 | ||
| 040 |
_aMdBmJHUP _cMdBmJHUP |
||
| 050 | 0 | 4 |
_aHV4708 _b.J33 2016 |
| 100 | 1 |
_aJacobsson, Kerstin, _eauthor. |
|
| 245 | 1 | 0 |
_aAnimal Rights Activism _cKerstin Jacobsson and Jonas Lindblom. |
| 264 | 1 | _bAmsterdam University Press, | |
| 264 | 3 | _bProject MUSE, | |
| 300 |
_a1 online resource (144 pages) : _billustrations ; |
||
| 490 | 0 |
_aProtest and social movements ; _v10 |
|
| 504 | _aIncludes bibliographical references (pages 133-142) and index. | ||
| 506 | 0 |
_aOpen Access _fUnrestricted online access _2star |
|
| 588 | _aDescription based on print version record. | ||
| 650 | 0 |
_aAnimal rights movement _xMoral and ethical aspects. |
|
| 650 | 0 | _aAnimal rights movement. | |
| 655 | 7 |
_aElectronic books. _2local |
|
| 700 | 1 |
_aLindblom, Jonas, _eauthor. |
|
| 710 | 2 |
_aProject Muse. _edistributor |
|
| 830 | 0 | _aBook collections on Project MUSE. | |
| 856 | 4 | 0 |
_zFull text available: _uhttps://muse.jhu.edu/book/66583/ |
| 999 |
_c26890 _d26890 |
||